Geography Quiz

Random Geography or State Quiz

Australian State Peaks Quiz Stats

 Plays Quiz not verified by Sporcle

Challenge
Share
Tweet
Embed
Score 0/8 Timer 06:00
1 Play Today
State/Territory Peak % Correct
New South WalesMount Kosciuszko
94.1%
VictoriaMount Bogong
64.7%
TasmaniaMount Ossa
58.8%
Northern TerritoryMount Zeil
47.1%
QueenslandMount Bartle Frere
41.2%
South AustraliaMount Woodroffe
41.2%
Western AustraliaMount Meharry
35.3%
Australian Capital TerritoryBimberi Peak
29.4%

You're not logged in!

Compare scores with friends on all Sporcle quizzes.
OR
Log In

You Might Also Like...

Show Comments

Extras

Top Quizzes Today


Score Distribution

Your Account Isn't Verified!

In order to create a playlist on Sporcle, you need to verify the email address you used during registration. Go to your Sporcle Settings to finish the process.

Report this User

Report this user for behavior that violates our Community Guidelines.

Details: